00729nam a2200229 a 4500001000800000005001700008008004100025020002000066020002200086040002700108082001900135100001900154245009400173260005000267300001800317650001500335650001900350650002000369942000600389952009100395999001300486167437720240214061622.0971104s1997 enk b 001 0 eng d a1857287495 (HB) a1857287509 (pbk.) aUkNcUcUkNcUdDGUdDLC00a320.221bPAU.1 aHirst, Paul Q.10aFrom statism to pluralism :bdemocracy, civil society, and global politics /cPaul Hirst. aLondon ;aBristol, Penn. :bUCL Press,c1997. avii, 260 p. ; 0aDemocracy. 0aCivil society. 0aPost-communism. cL 001040708LaWERCLbWERCLd2024-02-14l0o320. PAU.p2931r2024-02-14w2024-02-14yL c393d393